=LDR 00000nam 2200000 4500 =001 INLIS000000000023325 =005 20201216105629 =035 ##$$a 0010-061300000023325 =008 201216################g##########0#ind## =041 ##$$a Ind =082 ##$$a 324.72 =090 ##$$a 324.72, Nur-p =100 ##$$a Nursal, Adman =245 1#$$a Political marketing:Starategi memenangkan pemilu : $b Sebuah pendekatan baru kampanye pemilihan DPR, DPD, Presiden /$c Adman Nursal; editor, Yosep Suprayogi =260 ##$$a Jakarta :$b Gramedia Pustaka Utama,$c 2004 =300 ##$$a xi, 316 hlm., : $b ilus. ; $c 21 x 14 cm. =650 #4$$a Pemilihan Umum-Strategi =850 ##$$a NBPNMAT =084 ##$$a 324.72 NUR p =700 #$$a Suprayogi, Yosep =990 ##$$a 40600216